000 00488nam a2200169 a 4500
001 7245
003 CO-ViMGA
008 141112s2004 ck r 000 u spa d
040 _aCO-ViMGA
_bspa
_cCO-ViMGA
082 0 4 _aCo861 C616h
100 1 _aCobo Borda, Juan Gustavo
245 1 0 _aHistoria portatil de la poesía colombiana :
_b1880 - 1995
260 _aSantafé de Bogotá :
_bTercer Mundo,
_c1995
300 _a315 p
650 1 4 _aPOESIA COLOMBIANA - HISTORIA
_94982
942 _2ddc
_cBK
999 _c19204
_d19204